Člověk a globalizace

Psychologické problémy globalizácie aj z hľadiska marketingovej komunikácie. Globalizácia a osobnosť človeka. Negatívne javy globalizácie a čo s nimi. Psychologický prístup k riešeniu problémov globalizácie. Globálne produkty - globálna stratégia - lokálna komunikácia. Národy si zachovávajú svoju in...

Descripción completa

Guardado en:
Detalles Bibliográficos
Autor principal: Vysekalová, Jitka
Formato: Capítulo de libro
Lenguaje:checo
Materias:
Etiquetas: Agregar Etiqueta
Sin Etiquetas, Sea el primero en etiquetar este registro!

MARC

LEADER 00000naa$a2200000$$$4500
001 0020215
005 20231114074832.3
041 0 |a cze 
044 |a SK 
245 1 0 |a Člověk a globalizace  |c Jitka Vysekalová 
520 |a Psychologické problémy globalizácie aj z hľadiska marketingovej komunikácie. Globalizácia a osobnosť človeka. Negatívne javy globalizácie a čo s nimi. Psychologický prístup k riešeniu problémov globalizácie. Globálne produkty - globálna stratégia - lokálna komunikácia. Národy si zachovávajú svoju individualitu, zatiaľ čo technika a nové technológie vytvárajú globálnu kultúru. 
610 2 0 |a globalizácia 
610 2 0 |a osobnosť 
610 2 0 |a psychológia 
610 2 0 |a komunikácia marketingová 
100 1 |a Vysekalová, Jitka